An exegetical study of 1 Corinthians 11:27-34 and its implications for participation at the Lord's Supper in the seventh-day Adventist church, Goaso, Ghana / (Record no. 25097)

MARC details
000 -LEADER
fixed length control field 00653nam a22001817a 4500
003 - CONTROL NUMBER IDENTIFIER
control field AUA.1
005 - DATE AND TIME OF LATEST TRANSACTION
control field 20251027113558.0
008 - FIXED-LENGTH DATA ELEMENTS--GENERAL INFORMATION
fixed length control field 250630b |||||||| |||| 00| 0 eng d
040 ## - CATALOGING SOURCE
Transcribing agency JTL
100 ## - MAIN ENTRY--PERSONAL NAME
Personal name Nuamah, Donkor
245 ## - TITLE STATEMENT
Title An exegetical study of 1 Corinthians 11:27-34 and its implications for participation at the Lord's Supper in the seventh-day Adventist church, Goaso, Ghana /
Statement of responsibility, etc Donkor Nuamah
260 ## - PUBLICATION, DISTRIBUTION, ETC. (IMPRINT)
Date of publication, distribution, etc c2023
300 ## - PHYSICAL DESCRIPTION
Extent viii, 108 leaves :
Other physical details Illustrations :
Dimensions 30cm.
610 ## - SUBJECT ADDED ENTRY--CORPORATE NAME
Corporate name or jurisdiction name as entry element Seventh-day Adventist Church
Geographic subdivision Goaso, Ghana
650 ## - SUBJECT ADDED ENTRY--TOPICAL TERM
Topical term or geographic name as entry element Last Supper
650 ## - SUBJECT ADDED ENTRY--TOPICAL TERM
Topical term or geographic name as entry element Lord's Supper
942 ## - ADDED ENTRY ELEMENTS (KOHA)
Source of classification or shelving scheme AUA Inhouse Classification
Koha item type Thesis
Classification part MDiv
Item part .N83 2023
Holdings
Withdrawn status Lost status Source of classification or shelving scheme Damaged status Not for loan Collection code Home library Current library Shelving location Date acquired Source of acquisition Cost, normal purchase price Serial Enumeration / chronology Total Checkouts Full call number Barcode Date last seen Cost, replacement price Price effective from Koha item type
    Library of Congress Classification     JTL Research Collection Judith Thomas Library Judith Thomas Library Judith Thomas Library Research Section 30/06/2025 Theological Seminary 25.00 AUA27903   MDiv .N83 2023 AUA27903 30/06/2025 25.00 30/06/2025 Thesis